000 01662nam a22002297a 4500
999 _c57540
_d57540
003 Ge_BSU
005 20220419123516.0
008 200727s2020 ge ||||| |||| 00| 0 geo d
041 _ageo
080 _a82 ჭ-87
100 _aჭურჭელაური, ბელა
_99036
245 _aმუქარის გამოხატვის პრაგმატიკული და სოციოლინგვისტური თავისებურებები ვერბალური და არავერბალური კომუნიკაციის პროცესში :
_b(ინგლისური და ქართული ენების მასალებზე დაყრდნობით) /
_cბელა ჭურწელაური, სამეცნ. ხელმძღვ. ირინე გოშხეთელიანი.
264 _aბათუმი,
_c2020.
300 _a186 გვ.
_b30 სმ.
504 _aბიბლიოგრ. გვ. 126-139 დანართი გვ.139-186
653 _aჰუმანიტარული მეცნიერებები
653 _aლინგვისტიკა
653 _aდისერტაცია
700 _aგოშხეთელიანი, ირინე
_eსამეცნ. ხელმძღვ.
_99037
710 _aბათუმის შოთა რუსთაველის სახელმწიფო უნივერსიტეტი
_bჰუმანიტარულ მეცნიერებათა ფაკულტეტი
_99038
942 _2udc
_cBK